000 00422nam a22001817a 4500
003 MPLRDC
005 20220104113625.0
008 210129b ||||| |||| 00| 0 eng d
020 _a962-357-170-4
082 _a857.621 NK v.24
100 _a倪匡
245 _a老猫
_c
260 _a
_b明窗出版社
_c1989
300 _b
490 _a科幻系列. 24
650 _a科幻小说
942 _cBK
_o857.621 NK v.24
999 _c1070
_d1060